01019cam a2200253 a 450000100100000000500170001000800410002702000150006803500190008304000230010204100380012508200180016310000310018124000670021224500930027926000330037230000320040550400740043753400870051165000430059865000410064165100590068270000240074100001386920200929163358.0091130s1986 ag 000 f spa d a9509377058 a(DLC) 84000438 aDO-SdBNPcDLCdDLC17aspaheng2Código de idioma MARC a327.47bS562d1 aShultz, Richard H.,d1947-10aDezinformatsia: active measures in Soviet strategylEspañol.10aDesinformación :bmedidas activas en la Soviética /cRichard H. Shultz y Roy Godson. aBuenos Aires :bCLIO,c1986. avi, 219 p. :bil. ;c23 cm. aIncluye referencias bibliográficas y notas al pie de las páginas. aTítulo orignal en inglés:tDezinformatsia: active measures in Soviet strategy. 4aDesinformaciónzUnión Soviética. 4aPolítica internacionaly1945-1989. 4aUnión SoviéticaxRelaciones Exterioresy1945-1991.1 aGodson, Roy,d1942-